000 00834nam a22002417a 4500
005 20110808102855.0
008 110808t xxu||||| |||| 00| 0 eng d
010 _aENG-103247
020 _a9788130913926
_c395.00
035 _aEN-86780
037 _bDBAD/PUB
040 _aDPL
_bEng
082 _a378
100 _931629
245 _aValue development in higher education /
_cedited by Marmar Mukhopadhyay with an introduction by Bart J. McGettrick
260 _aNew Delhi
_bViva Books
_c2010
270 _a4737/23, Ansari Road, Daryaganj
_bNew Delhi
_e110002
300 _ax,262p.
_c22cm (pbk)
650 _931639
700 _931640
_aMukhopadhyay, Marmar
942 _2ddc
_cEN
_h378
_mVAL
999 _c55010
_d55010